[Event "BPB Limburg open C"]
[Site "Maastricht"]
[Date "2014.06.09"]
[Round "7"]
[White "Sprong, Ton"]
[Black "Nguyen, Sang"]
[Result "0-1"]
[WhiteElo "1738"]
[BlackElo "1334"]
[PlyCount "134"]
[EventDate "2014.06.06"]
[EventType "swiss"]
[EventRounds "7"]
[EventCountry "NED"]
[Source "P.Boonen"]
[SourceDate "2014.10.10"]

1. b4 d5 2. e3 Bf5 3. Bb2 Nf6 4. Nf3 e6 5. b5 c6 6. a4 a6 7. c4 dxc4 8. Bxc4
axb5 9. axb5 Rxa1 10. Bxa1 Bd3 11. Qb3 Bxc4 12. Qxc4 Be7 13. Be5 Bd6 14. O-O
O-O 15. Rc1 h6 16. h3 Re8 17. d4 Nd5 18. Nbd2 Bxe5 19. Nxe5 f6 20. Nd3 Qa5 21.
Nb3 Qxb5 22. Qxb5 cxb5 23. Rc5 Na6 24. Rxb5 b6 25. e4 Nac7 26. Rb4 Nxb4 27.
Nxb4 Rd8 28. f3 Nb5 29. d5 exd5 30. Nxd5 Nc3 31. Ne7+ Kf7 32. Nf5 b5 33. Kf2 b4
34. Nfd4 Na4 35. Ke3 Rc8 36. Nb5 Ke7 37. Kd2 Nc3 38. N5d4 g6 39. Kd3 Kd6 40.
Na5 Na2 41. Nc4+ Ke7 42. Nb3 Nc3 43. Nbd2 Nb5 44. Nb3 Nd6 45. Ncd2 Rc3+ 46. Kd4
Nb5+ 47. Kd5 Nc7+ 48. Kd4 Ne6+ 49. Kd5 Nf4+ 50. Kd4 Nxg2 51. Nc5 Nf4 52. Nc4
Ne6+ 53. Nxe6 Kxe6 54. Ne3 Rxe3 55. Kxe3 b3 56. Kd3 b2 57. Kc2 Ke5 58. Kxb2 Kf4
59. Kc3 Kxf3 60. Kd4 Kf4 61. Kd5 h5 62. Ke6 Kxe4 63. Kxf6 Kf4 64. Kxg6 h4 65.
Kf6 Kg3 66. Kf5 Kxh3 67. Kf4 Kg2 0-1

[Event "BPB Limburg open C"]
[Site "Maastricht"]
[Date "2014.06.09"]
[Round "7"]
[White "Staudt, Sascha"]
[Black "Zhang, Martin"]
[Result "0-1"]
[WhiteElo "1377"]
[BlackElo "1546"]
[PlyCount "54"]
[EventDate "2014.06.06"]
[EventType "swiss"]
[EventRounds "7"]
[EventCountry "NED"]
[Source "P.Boonen"]
[SourceDate "2014.10.10"]

1. d4 d5 2. Nf3 Nf6 3. Bg5 Ne4 4. e3 Nxg5 5. Nxg5 e5 6. h4 h6 7. Nf3 exd4 8.
Nxd4 Nd7 9. a3 Nf6 10. Be2 Bd6 11. Nc3 c5 12. Nf3 Be6 13. Bb5+ Ke7 14. Qd2 c4
15. Nd4 a6 16. Ba4 Qc7 17. Nf5+ Bxf5 18. Nxd5+ Nxd5 19. Qxd5 Be6 20. Qe4 b5 21.
Bxb5 axb5 22. f4 f5 23. Qd4 Kf7 24. O-O-O Rhd8 25. Qc3 b4 26. axb4 Ra1+ 27. Kd2
Bxb4+ 0-1

[Event "BPB Limburg open C"]
[Site "Maastricht"]
[Date "2014.06.09"]
[Round "7"]
[White "Steenman, Tomas"]
[Black "Beusen, Frank"]
[Result "0-1"]
[WhiteElo "1334"]
[BlackElo "1433"]
[PlyCount "98"]
[EventDate "2014.06.06"]
[EventType "swiss"]
[EventRounds "7"]
[EventCountry "NED"]
[Source "P.Boonen"]
[SourceDate "2014.10.10"]

1. e4 e5 2. Nf3 Nc6 3. Bc4 Nf6 4. d3 Be7 5. Nc3 d6 6. h3 Be6 7. Bb5 a6 8. Bxc6+
bxc6 9. O-O O-O 10. d4 exd4 11. Nxd4 Bd7 12. Nf3 Re8 13. e5 dxe5 14. Nxe5 Bd6
15. Nxd7 Qxd7 16. Bd2 Rad8 17. Bg5 Qe7 18. Qe1 Qe5 19. Qxe5 Bxe5 20. Rfe1 h6
21. Bxf6 Bxf6 22. Kf1 Kf8 23. Rab1 Rxe1+ 24. Kxe1 Rb8 25. Nd1 Rb5 26. b3 Rc5
27. c4 Re5+ 28. Ne3 Bg5 29. Ke2 f5 30. g3 f4 31. gxf4 Bxf4 32. Rg1 Kf7 33. Rg4
g5 34. Kf3 Kf6 35. Rxf4+ gxf4 36. Ng4+ Kf5 37. Nxe5 Kxe5 38. Kg4 Ke4 39. h4 c5
40. a3 a5 41. a4 c6 42. f3+ Ke3 43. h5 Kd3 44. Kxf4 Kc3 45. Ke3 Kxb3 46. f4
Kxc4 47. Ke4 Kb3 48. Kd3 c4+ 49. Kd2 Kb2 0-1

[Event "BPB Limburg open C"]
[Site "Maastricht"]
[Date "2014.06.09"]
[Round "7"]
[White "Steinhart, Roel"]
[Black "Callebaut, Giovanni"]
[Result "0-1"]
[WhiteElo "1564"]
[BlackElo "1598"]
[PlyCount "54"]
[EventDate "2014.06.06"]
[EventType "swiss"]
[EventRounds "7"]
[EventCountry "NED"]
[Source "P.Boonen"]
[SourceDate "2014.10.10"]

1. e4 c5 2. Bc4 Nc6 3. c3 Nf6 4. d3 g6 5. Bg5 Bg7 6. Nd2 O-O 7. h4 d6 8. Bb3
Be6 9. Bc2 d5 10. Ngf3 Bg4 11. Ba4 Ne5 12. Nb3 b6 13. d4 cxd4 14. Nbxd4 dxe4
15. Bf4 Nxf3+ 16. Nxf3 exf3 17. g3 e5 18. Be3 Qe7 19. O-O Bh3 20. Re1 e4 21.
Bg5 Qe6 22. Bb3 Qg4 23. Bxf6 Bxf6 24. Bd5 Rae8 25. Qa4 Bg2 26. Kh2 Qh3+ 27. Kg1
Qh1# 0-1

[Event "BPB Limburg open C"]
[Site "Maastricht"]
[Date "2014.06.09"]
[Round "7"]
[White "Ulburghs, Piet"]
[Black "Smits, Marc"]
[Result "1-0"]
[WhiteElo "1683"]
[BlackElo "1532"]
[PlyCount "113"]
[EventDate "2014.06.06"]
[EventType "swiss"]
[EventRounds "7"]
[EventCountry "NED"]
[Source "P.Boonen"]
[SourceDate "2014.10.10"]

1. b3 d6 2. Nf3 e5 3. d4 e4 4. Nfd2 e3 5. Nf3 exf2+ 6. Kxf2 Nf6 7. Qd3 d5 8.
Nbd2 b6 9. c4 g6 10. cxd5 Nxd5 11. e4 Ba6 12. Qb1 Nf6 13. Nc4 Ng4+ 14. Kg3 h5
15. h3 h4+ 16. Kxg4 Bc8+ 17. Kf4 Bh6+ 18. Ng5 Qxg5+ 19. Kf3 Qg3+ 20. Ke2 Bg7
21. Bb2 c5 22. e5 Bf5 23. Nd6+ Ke7 24. Nxf5+ gxf5 25. Qxf5 Nc6 26. d5 Bxe5 27.
Qe4 Nd4+ 28. Bxd4 cxd4 29. Rd1 f5 30. Qf3 Qxf3+ 31. gxf3 f4 32. Rg1 Rhg8 33.
Rg4 Rxg4 34. fxg4 Rc8 35. Rd2 Kd6 36. Bg2 Rc3 37. Bf3 Re3+ 38. Kf2 Rc3 39. Bg2
Rc1 40. Be4 Rc3 41. Bf3 Rc1 42. g5 Rc3 43. g6 d3 44. Be4 Rc2 45. Ke1 Rxd2 46.
Kxd2 Ke7 47. Kxd3 Kd6 48. Ke2 Ke7 49. Kf3 Kf6 50. Kg4 a5 51. Kxh4 f3 52. Bxf3
Kxg6 53. Kg4 Kf6 54. h4 Kg6 55. h5+ Kh6 56. Kf5 Bd6 57. Ke6 1-0

[Event "BPB Limburg open C"]
[Site "Maastricht"]
[Date "2014.06.09"]
[Round "7"]
[White "Van Foreest, Pieter"]
[Black "Schelleman, Iris"]
[Result "1/2-1/2"]
[WhiteElo "1657"]
[BlackElo "1656"]
[PlyCount "127"]
[EventDate "2014.06.06"]
[EventType "swiss"]
[EventRounds "7"]
[EventCountry "NED"]
[Source "P.Boonen"]
[SourceDate "2014.10.10"]

1. e4 e5 2. Nf3 Nc6 3. Bc4 Bc5 4. c3 Nf6 5. d4 exd4 6. cxd4 Bb4+ 7. Bd2 d5 8.
exd5 Nxd5 9. O-O O-O 10. a3 Bxd2 11. Nbxd2 Bg4 12. Qb3 Na5 13. Qb5 Nxc4 14.
Qxc4 c6 15. Rae1 Qc7 16. Re5 Rad8 17. h3 Be6 18. Qd3 h6 19. Nh4 Rfe8 20. Rfe1
Bd7 21. Rxe8+ Rxe8 22. Rxe8+ Bxe8 23. Nf5 Bd7 24. Ne3 Be6 25. Nxd5 Bxd5 26. Qe3
Qd7 27. Ne4 Kf8 28. Nc3 Qe6 29. Nxd5 Qxd5 30. Qf4 Qd8 31. Kf1 a6 32. Ke2 f6 33.
Kd3 c5 34. b4 cxd4 35. Qxd4 Qxd4+ 36. Kxd4 Ke7 37. Kc5 Kd7 38. Kb6 Kc8 39. g4
g5 40. f3 Kb8 41. a4 Kc8 42. b5 axb5 43. axb5 Kb8 44. Kc5 Kc7 45. b6+ Kd7 46.
Kd5 Ke7 47. Ke4 Ke6 48. f4 Ke7 49. fxg5 fxg5 50. Ke5 Kd7 51. Kf5 Kc6 52. Kg6
Kxb6 53. Kxh6 Kc5 54. Kxg5 b5 55. h4 b4 56. h5 b3 57. h6 b2 58. h7 b1=Q 59.
h8=Q Qc1+ 60. Kg6 Qb1+ 61. Kh6 Qh1+ 62. Kg7 Qb7+ 63. Kg8 Qa8+ 64. Kh7 1/2-1/2

[Event "BPB Limburg open C"]
[Site "Maastricht"]
[Date "2014.06.09"]
[Round "7"]
[White "Van Ginneken, Jos"]
[Black "Bratuszewski, Jorden"]
[Result "0-1"]
[WhiteElo "1621"]
[BlackElo "1672"]
[PlyCount "54"]
[EventDate "2014.06.06"]
[EventType "swiss"]
[EventRounds "7"]
[EventCountry "NED"]
[Source "P.Boonen"]
[SourceDate "2014.10.10"]

1. e4 d6 2. f4 Nf6 3. d3 c5 4. c3 Nc6 5. Nf3 Qc7 6. Be2 e6 7. O-O b5 8. Qe1 Be7
9. Ng5 Rb8 10. Nd2 b4 11. Ndf3 h6 12. Nh3 d5 13. e5 Nd7 14. g4 bxc3 15. bxc3 g6
16. g5 h5 17. Bd1 Nb6 18. Rf2 Ba6 19. Rd2 O-O 20. Nh4 Kg7 21. Qg3 Nd7 22. Ba3
Qa5 23. Bb2 c4 24. dxc4 Bxc4 25. Bc1 Rb7 26. Rb2 Rxb2 27. Bxb2 Qb6+ 0-1

[Event "BPB Limburg open C"]
[Site "Maastricht"]
[Date "2014.06.09"]
[Round "7"]
[White "Van Ginneken, Maikel"]
[Black "Montforts, Ton"]
[Result "1-0"]
[WhiteElo "1453"]
[BlackElo "1650"]
[PlyCount "46"]
[EventDate "2014.06.06"]
[EventType "swiss"]
[EventRounds "7"]
[EventCountry "NED"]
[Source "P.Boonen"]
[SourceDate "2014.10.10"]

1. d4 Nf6 2. c4 c5 3. d5 b5 4. b3 bxc4 5. bxc4 d6 6. Nc3 g6 7. Nf3 Bg7 8. Rb1
Bf5 9. Rb3 O-O 10. e3 a5 11. Bd3 Bd7 12. O-O a4 13. Rb1 Qa5 14. Bd2 Qa6 15. a3
Ng4 16. h3 Ne5 17. Nxe5 Bxe5 18. f4 Bg7 19. g4 f5 20. g5 Be8 21. Qc2 Nd7 22.
Nb5 Nb6 23. Nc7 Qb7 1-0

[Event "BPB Limburg open C"]
[Site "Maastricht"]
[Date "2014.06.09"]
[Round "7"]
[White "Van Rossum, Pia"]
[Black "Fortenbacher, Dominic"]
[Result "1/2-1/2"]
[WhiteElo "1657"]
[BlackElo "1337"]
[PlyCount "88"]
[EventDate "2014.06.06"]
[EventType "swiss"]
[EventRounds "7"]
[EventCountry "NED"]
[Source "P.Boonen"]
[SourceDate "2014.10.10"]

1. Nf3 Nc6 2. d4 d5 3. e3 Nf6 4. Bd3 Nb4 5. Be2 Bf5 6. Bd3 Nxd3+ 7. cxd3 Bg4 8.
O-O e6 9. Qa4+ c6 10. Ne5 Bf5 11. Qd1 Bd6 12. f4 c5 13. Qe2 cxd4 14. exd4 Rc8
15. b3 Qb6 16. Bb2 O-O 17. Nd2 Rc7 18. Rac1 Rfc8 19. Rxc7 Rxc7 20. Ndf3 h6 21.
Rc1 Rxc1+ 22. Bxc1 Ng4 23. Qc2 Nxe5 24. fxe5 Bxe5 25. Be3 Bd6 26. h3 Qa6 27.
Ne1 Bb4 28. g4 Bxg4 29. Qc8+ Kh7 30. Nc2 Qxd3 31. hxg4 Qd1+ 32. Kf2 Qxg4 33.
Nxb4 Qf5+ 34. Ke1 Qf3 35. Qc2+ Qe4 36. Qxe4+ dxe4 37. d5 exd5 38. Bxa7 h5 39.
Nxd5 h4 40. Kf2 Kg6 41. Kg2 Kg5 42. Kh3 f5 43. Be3+ Kh5 44. Nf4+ Kg5 {.....}
1/2-1/2

[Event "BPB Limburg open C"]
[Site "Maastricht"]
[Date "2014.06.09"]
[Round "7"]
[White "Van Wijnendaele, Jovanni"]
[Black "Woyave, Pascal"]
[Result "1-0"]
[WhiteElo "1654"]
[BlackElo "1603"]
[PlyCount "93"]
[EventDate "2014.06.06"]
[EventType "swiss"]
[EventRounds "7"]
[EventCountry "NED"]
[Source "P.Boonen"]
[SourceDate "2014.10.10"]

1. f4 d5 2. Nf3 Nf6 3. d3 c5 4. g3 Nc6 5. c3 Bf5 6. Bg2 Qc7 7. Be3 e5 8. fxe5
Nxe5 9. Nxe5 Qxe5 10. Bf4 Qe6 11. Na3 Bd6 12. O-O O-O 13. Qd2 Bxf4 14. Qxf4 Bh3
15. Rae1 Bxg2 16. Kxg2 Qc6 17. Kg1 Rae8 18. e3 Re6 19. Re2 a6 20. b3 Nd7 21. e4
dxe4 22. Rxe4 Rxe4 23. Qxe4 Qxe4 24. dxe4 Re8 25. Re1 f5 26. Nc4 Rxe4 27. Rxe4
fxe4 28. Kf2 Nf6 29. h3 Kf8 30. Nd6 b5 31. c4 Ke7 32. Nf5+ Kf7 33. Ke3 b4 34.
Nd6+ Ke6 35. Nb7 Nd7 36. Kxe4 Nf6+ 37. Kf4 Nd7 38. g4 h6 39. h4 g6 40. g5 hxg5+
41. Kxg5 Kf7 42. Nd6+ Kg7 43. Ne4 a5 44. Nd6 a4 45. bxa4 Ne5 46. a5 Nc6 47. a6
1-0

[Event "BPB Limburg open C"]
[Site "Maastricht"]
[Date "2014.06.09"]
[Round "7"]
[White "Vercruyssen, Tim"]
[Black "Schoppen, Jochem"]
[Result "0-1"]
[WhiteElo "1118"]
[BlackElo "1386"]
[PlyCount "94"]
[EventDate "2014.06.06"]
[EventType "swiss"]
[EventRounds "7"]
[EventCountry "NED"]
[Source "P.Boonen"]
[SourceDate "2014.10.10"]

1. d4 Nf6 2. Nf3 g6 3. e3 Bg7 4. Bd3 d6 5. b3 O-O 6. Bb2 Nc6 7. a3 Re8 8. O-O
e5 9. dxe5 dxe5 10. Nbd2 e4 11. Nxe4 Nxe4 12. Bxg7 Kxg7 13. Bxe4 Qxd1 14. Rfxd1
Rxe4 15. Ng5 Rg4 16. f4 f6 17. Nf3 Bf5 18. Rac1 g5 19. h3 Rg3 20. Kf2 Rxf3+ 21.
Kxf3 gxf4 22. Kxf4 Be6 23. g4 h5 24. Rh1 hxg4 25. hxg4 Rd8 26. g5 Rd5 27. gxf6+
Kxf6 28. e4 Ra5 29. a4 Nd4 30. Rhe1 Rc5 31. e5+ Ke7 32. Rh1 Ne2+ 33. Ke3 Nxc1
34. Rxc1 Rxe5+ 35. Kd4 Re2 36. Kd3 Rh2 37. Kc3 Kd6 38. Kb2 Re2 39. Rd1+ Ke5 40.
Rd3 Bf5 41. Rc3 c6 42. Rc5+ Kf4 43. Rc4+ Kf3 44. Ka2 Bxc2 45. Rxc2 Rxc2+ 46.
Kb1 Rc3 47. Kb2 Rd3 0-1

[Event "BPB Limburg open C"]
[Site "Maastricht"]
[Date "2014.06.09"]
[Round "7"]
[White "Weerts, Rene"]
[Black "Merz, Jean Philippe"]
[Result "1-0"]
[WhiteElo "1635"]
[BlackElo "1690"]
[PlyCount "71"]
[EventDate "2014.06.06"]
[EventType "swiss"]
[EventRounds "7"]
[EventCountry "NED"]
[Source "P.Boonen"]
[SourceDate "2014.10.10"]

1. d4 f5 2. Nf3 b6 3. c3 Nf6 4. Bf4 Bb7 5. Nbd2 e6 6. e3 Nc6 7. Bg5 h6 8. Bxf6
Qxf6 9. Ne5 O-O-O 10. Qa4 Kb8 11. Ndf3 Bd6 12. Nxd7+ Rxd7 13. Bb5 Bxh2 14. Bxc6
Bxc6 15. Qxc6 Rd6 16. Qc4 b5 17. Qb4 Bg3 18. fxg3 Kb7 19. c4 a5 20. Qxa5 bxc4
21. Qc3 Ra8 22. Ne5 Rad8 23. Nxc4 Qg5 24. Nxd6+ Rxd6 25. Kf2 Rc6 26. Qb4+ Rb6
27. Qd2 Qf6 28. b3 Rd6 29. Rac1 f4 30. gxf4 g5 31. g3 e5 32. Qb4+ Rb6 33. dxe5
Qf5 34. Qc5 Qd7 35. Rhd1 Rd6 36. Qxc7+ 1-0

[Event "BPB Limburg open C"]
[Site "Maastricht"]
[Date "2014.06.09"]
[Round "7"]
[White "Weidema, Luuk"]
[Black "Dewilde, Rudi"]
[Result "1-0"]
[WhiteElo "1189"]
[BlackElo "1190"]
[PlyCount "103"]
[EventDate "2014.06.06"]
[EventType "swiss"]
[EventRounds "7"]
[EventCountry "NED"]
[Source "P.Boonen"]
[SourceDate "2014.10.10"]

1. f4 d5 2. b3 Bf5 3. Bb2 Nc6 4. Nf3 f6 5. e3 Qd6 6. Bb5 a6 7. Ba3 Qd8 8. Bxc6+
bxc6 9. Nd4 Bd7 10. Qh5+ g6 11. Qf3 e6 12. Bxf8 Kxf8 13. O-O Ne7 14. e4 c5 15.
Ne2 f5 16. exf5 exf5 17. Re1 Bc6 18. Qc3 d4 19. Qxc5 Qd5 20. Qxd5 Bxd5 21. Nxd4
Kf7 22. Nc3 Bb7 23. Ne6 c6 24. Ng5+ Ke8 25. Ne6 Kf7 26. Ng5+ Ke8 27. Re3 Rd8
28. Ne6 Rxd2 29. Rd1 Rd7 30. Rxd7 Kxd7 31. Nc5+ Kc7 32. Rxe7+ Kd6 33. Rxb7 Kxc5
34. Na4+ Kd6 35. Ra7 Re8 36. Kf2 Re4 37. Kf3 Re1 38. Rxh7 Ra1 39. Rh6 Rxa2 40.
Rxg6+ Kc7 41. Rf6 Rxc2 42. Rxf5 Ra2 43. h4 Ra3 44. Nc5 Kb6 45. h5 Ra1 46. Kg4
Rh1 47. Kg5 Rd1 48. Na4+ Kc7 49. Kg6 Rd6+ 50. Rf6 Rd8 51. Kg7 Kd7 52. h6 1-0

[Event "BPB Limburg open C"]
[Site "Maastricht"]
[Date "2014.06.09"]
[Round "7"]
[White "Welling, Sophie"]
[Black "Terwagne, Bertrand"]
[Result "0-1"]
[WhiteElo "1633"]
[BlackElo "1654"]
[PlyCount "106"]
[EventDate "2014.06.06"]
[EventType "swiss"]
[EventRounds "7"]
[EventCountry "NED"]
[Source "P.Boonen"]
[SourceDate "2014.10.10"]

1. d4 Nf6 2. c4 e6 3. Nc3 Bb4 4. Qc2 c5 5. e3 Nc6 6. Nf3 O-O 7. Bd3 d5 8. a3
cxd4 9. exd4 dxc4 10. Bxh7+ Kh8 11. Be4 Nxe4 12. Qxe4 Be7 13. d5 exd5 14. Qxd5
Qxd5 15. Nxd5 Bd6 16. O-O Bg4 17. Nd2 Be2 18. Re1 Nd4 19. Ra2 Rfe8 20. Ne3 Bf4
21. Ndf1 Bd3 22. Bd2 Rad8 23. Bc3 Ne2+ 24. Kh1 Nxc3 25. bxc3 Bxf1 26. Rxf1 Bxe3
27. fxe3 Rxe3 28. Rc2 Rde8 29. Kg1 f6 30. Kf2 R8e5 31. Rd1 b5 32. Rb1 Rd3 33.
Re1 Rxe1 34. Kxe1 Kg8 35. Ke2 Kf8 36. g3 Ke7 37. Ke1 Kf7 38. Ke2 Ke6 39. Ke1
Kf7 40. Ke2 f5 41. Ke1 Kf6 42. Ke2 Ke5 43. Ke1 Ke4 44. Ke2 Re3+ 45. Kd2 Kf3 46.
Kd1 g6 47. a4 bxa4 48. Kc1 Re1+ 49. Kb2 Re2 50. Rxe2 Kxe2 51. Ka3 Kd3 52. Kxa4
Kxc3 53. Ka3 Kd2 0-1

[Event "BPB Limburg open C"]
[Site "Maastricht"]
[Date "2014.06.09"]
[Round "7"]
[White "Weynjes, Tim"]
[Black "Katranov, Mikhail"]
[Result "0-1"]
[WhiteElo "1000"]
[BlackElo "1248"]
[PlyCount "84"]
[EventDate "2014.06.06"]
[EventType "swiss"]
[EventRounds "7"]
[EventCountry "NED"]
[Source "P.Boonen"]
[SourceDate "2014.10.10"]

1. e4 e5 2. d4 d6 3. dxe5 dxe5 4. Qxd8+ Kxd8 5. Be3 Nf6 6. Nc3 Bb4 7. Nge2 Nxe4
8. O-O-O+ Nd6 9. Nb5 Kd7 10. f4 f6 11. g3 a6 12. Na7 Re8 13. Bh3+ Ke7 14. Nxc8+
Nxc8 15. fxe5 fxe5 16. Bg5+ Kf8 17. Rhf1+ Kg8 18. c3 Bd6 19. Rde1 Nb6 20. Nd4
Nc6 21. Nxc6 bxc6 22. Bg2 Nd5 23. c4 Nb4 24. Be4 Nxa2+ 25. Kb1 Nb4 26. Bd2 Rab8
27. Re2 Rb6 28. Be3 Rbb8 29. c5 Be7 30. Rc1 a5 31. Bd2 Bf6 32. Bxb4 Rxb4 33.
Bxc6 Reb8 34. h4 e4 35. Rcc2 e3 36. Bd5+ Kf8 37. g4 Bxh4 38. Rxe3 Rd4 39. Rf3+
Bf6 40. g5 Rd1+ 41. Rc1 Rxb2+ 42. Ka1 Rxc1# 0-1

[Event "BPB Limburg open C"]
[Site "Maastricht"]
[Date "2014.06.09"]
[Round "7"]
[White "Widlak, Marc"]
[Black "Allaart, Jesse"]
[Result "1-0"]
[WhiteElo "1391"]
[BlackElo "1101"]
[PlyCount "43"]
[EventDate "2014.06.06"]
[EventType "swiss"]
[EventRounds "7"]
[EventCountry "NED"]
[Source "P.Boonen"]
[SourceDate "2014.10.10"]

1. d4 d5 2. Nf3 Nf6 3. e3 Bf5 4. Bd3 Bg4 5. Nbd2 e6 6. c3 c6 7. Qc2 Bh5 8. O-O
Bg6 9. e4 dxe4 10. Nxe4 Nxe4 11. Bxe4 Nd7 12. Bf4 Nf6 13. Bxg6 hxg6 14. Rae1
Bd6 15. Ne5 Ke7 16. Bg5 Rh5 17. f4 Qh8 18. h4 Ke8 19. Qb3 Bxe5 20. Qxb7 Rb8 21.
Qxc6+ Kf8 22. fxe5 1-0

[Event "BPB Limburg open veteranen"]
[Site "Maastricht"]
[Date "2014.06.06"]
[Round "1"]
[White "De Wit, Gerrit"]
[Black "Klein, Leo"]
[Result "1/2-1/2"]
[WhiteElo "1702"]
[BlackElo "1937"]
[PlyCount "77"]
[EventDate "2014.06.06"]
[EventType "swiss"]
[EventRounds "5"]
[EventCountry "NED"]
[Source "P.Boonen"]
[SourceDate "2014.10.10"]

1. e4 d6 2. d4 Nd7 3. Nc3 c6 4. f4 e5 5. Nf3 Qc7 6. Bc4 f6 7. Qe2 Ne7 8. Bb3
exd4 9. Nxd4 Nc5 10. Bc4 b5 11. Bd3 Nxd3+ 12. Qxd3 b4 13. Nce2 a5 14. Qe3 c5
15. Nf3 Nc6 16. O-O Be7 17. Re1 O-O 18. Kh1 Be6 19. c3 Rfe8 20. Qf2 d5 21. exd5
Bxd5 22. Bd2 Bd6 23. f5 Ne5 24. Nxe5 Bxe5 25. Rac1 Qd6 26. b3 Bxb3 27. axb3
Qxd2 28. Rcd1 Qh6 29. g3 bxc3 30. Qxc5 Qh5 31. Qc6 Rac8 32. Qb7 c2 33. Rd7 Rc7
34. Rxc7 Bxc7 35. Qxc7 Qf3+ 36. Kg1 Qe3+ 37. Kf1 Qf3+ 38. Kg1 Qe3+ 39. Kf1 {...
..} 1/2-1/2

[Event "BPB Limburg open veteranen"]
[Site "Maastricht"]
[Date "2014.06.06"]
[Round "1"]
[White "Schmitz, Martin"]
[Black "Simonis, Peter"]
[Result "1-0"]
[WhiteElo "1927"]
[BlackElo "1672"]
[PlyCount "96"]
[EventDate "2014.06.06"]
[EventType "swiss"]
[EventRounds "5"]
[EventCountry "NED"]
[Source "P.Boonen"]
[SourceDate "2014.10.10"]

1. e4 c5 2. Nf3 d6 3. d4 cxd4 4. Nxd4 Nf6 5. Nc3 g6 6. Bc4 Bg7 7. O-O O-O 8. a3
Bd7 9. Re1 Nc6 10. Be3 Rc8 11. Ba2 Ng4 12. Nxc6 Rxc6 13. Bd4 e5 14. Be3 Qh4 15.
h3 Nxe3 16. Rxe3 Bh6 17. Rd3 Qg5 18. Nd5 Be6 19. Rg3 Qh4 20. Rf3 Bxd5 21. Bxd5
Rc7 22. c4 Qg5 23. b4 b6 24. b5 Qd2 25. Qxd2 Bxd2 26. Rd1 Bg5 27. g3 Kg7 28. h4
Be7 29. Re3 f5 30. Kg2 f4 31. Rf3 h6 32. Rh1 g5 33. hxg5 hxg5 34. gxf4 Rxf4 35.
Rfh3 Rh4 36. Kg3 Rxh3+ 37. Rxh3 Rc8 38. Kg2 Rh8 39. Rf3 Rf8 40. Rd3 Rf4 41. Kg3
Kh6 42. f3 Rh4 43. Rd1 Rf4 44. Be6 Kg7 45. a4 Kf6 46. Bg4 Kg7 47. Ra1 Rf8 48.
a5 Rc8 1-0

[Event "BPB Limburg open veteranen"]
[Site "Maastricht"]
[Date "2014.06.06"]
[Round "1"]
[White "Schotanus, Fred"]
[Black "Borsten, Chris"]
[Result "1/2-1/2"]
[WhiteElo "1805"]
[BlackElo "1522"]
[PlyCount "155"]
[EventDate "2014.06.06"]
[EventType "swiss"]
[EventRounds "5"]
[EventCountry "NED"]
[Source "P.Boonen"]
[SourceDate "2014.10.10"]

1. e4 e5 2. Nc3 Nf6 3. g3 c6 4. Bg2 Be7 5. Nge2 d6 6. O-O O-O 7. d3 Be6 8. h3
h6 9. f4 Nh7 10. f5 Bc8 11. Be3 Bg5 12. Bf2 g6 13. g4 Bh4 14. Ng3 Bxg3 15. Bxg3
g5 16. Bf2 Nd7 17. Bf3 Nb6 18. a4 Nd7 19. d4 Qc7 20. Qd2 exd4 21. Qxd4 Ne5 22.
Be2 Rd8 23. Rad1 a6 24. Bg3 f6 25. Rd2 b5 26. Rfd1 Bb7 27. Qe3 Rd7 28. Kh2 Rad8
29. axb5 cxb5 30. Na2 Nc4 31. Qb3 Kg7 32. Rd4 Ne5 33. c3 Nc6 34. R4d2 Ne5 35.
Qc2 Nc4 36. Bxc4 Qxc4 37. b3 Qxe4 38. Qxe4 Bxe4 39. Rxd6 Rxd6 40. Rxd6 Rxd6 41.
Bxd6 a5 42. c4 bxc4 43. bxc4 a4 44. Nc3 Bc6 45. Ba3 Nf8 46. Nb5 Nd7 47. Nd4 Ne5
48. c5 Kf7 49. Kg3 Ke8 50. Kf2 Kd7 51. Ne6 Nc4 52. Bb4 a3 53. Bc3 Ne5 54. Nf8+
Ke8 55. Ne6 a2 56. Nd4 Bd5 57. Nc2 Nd3+ 58. Kg3 Nxc5 59. Kh2 Kf7 60. Na1 Ne4
61. Bd4 Nd2 62. Bc3 Ne4 63. Bd4 Ke7 64. Kg1 Kd6 65. Kf1 Kc6 66. Ke2 Kb5 67. Ke3
Kc4 68. Bb2 Nc3 69. Kd2 Nb1+ 70. Ke3 Bg2 71. Bxf6 Bxh3 72. Bg7 Bxg4 73. f6 Be6
74. Bxh6 g4 75. Kf4 Kd5 76. f7 Bxf7 77. Kxg4 Kc4 78. Kg5 1/2-1/2

[Event "BPB Limburg open veteranen"]
[Site "Maastricht"]
[Date "2014.06.06"]
[Round "1"]
[White "Schreinemachers, Jo"]
[Black "Debusschere, Helmut"]
[Result "0-1"]
[WhiteElo "1478"]
[BlackElo "1769"]
[PlyCount "59"]
[EventDate "2014.06.06"]
[EventType "swiss"]
[EventRounds "5"]
[EventCountry "NED"]
[Source "P.Boonen"]
[SourceDate "2014.10.10"]

1. d4 c5 2. d5 Nf6 3. c4 b5 4. Nf3 g6 5. cxb5 a6 6. Nc3 axb5 7. Nxb5 d6 8. Nc3
Bg7 9. e4 Nbd7 10. h3 O-O 11. Be2 Qb6 12. O-O Ba6 13. Re1 Rfb8 14. Qc2 Ne8 15.
a3 Nc7 16. Rb1 Bxe2 17. Rxe2 Qa6 18. Bg5 Bxc3 19. Qxc3 Qxe2 20. Bxe7 Ne8 21.
Nd2 Ne5 22. f4 Nd3 23. Bg5 Qf2+ 24. Kh1 Nxf4 25. Bxf4 Qxf4 26. Rf1 Qe5 27. Qf3
Qe7 28. Nc4 Ra4 29. b3 Ra7 30. Re1 {.....} 0-1

[Event "BPB Limburg open veteranen"]
[Site "Maastricht"]
[Date "2014.06.06"]
[Round "1"]
[White "Van Pol, Thieu"]
[Black "Juenger, Leonhard"]
[Result "0-1"]
[WhiteElo "1649"]
[BlackElo "1823"]
[PlyCount "70"]
[EventDate "2014.06.06"]
[EventType "swiss"]
[EventRounds "5"]
[EventCountry "NED"]
[Source "P.Boonen"]
[SourceDate "2014.10.10"]

1. d4 Nf6 2. Bf4 g6 3. e3 Bg7 4. c3 O-O 5. Nd2 d6 6. Be2 Nbd7 7. g4 e5 8. dxe5
Nxe5 9. g5 Nd5 10. Bxe5 dxe5 11. h4 Re8 12. Qb3 Be6 13. Qc2 c6 14. O-O-O Qa5
15. a3 b5 16. Nb3 Qb6 17. Nf3 a5 18. Nfd2 a4 19. Na1 Rad8 20. c4 bxc4 21. Nxc4
Qa7 22. Rhg1 Rb8 23. Bg4 Nb6 24. Bxe6 Rxe6 25. Nxb6 Qxb6 26. e4 Bf8 27. Rd2 Bc5
28. Rgd1 Bd4 29. Re2 c5 30. Rdd2 Qb5 31. Qd3 Bxb2+ 32. Rxb2 Qxd3 33. Rxb8+ Kg7
34. Rbb2 Rd6 35. Red2 Qf1+ 0-1

[Event "BPB Limburg open veteranen"]
[Site "Maastricht"]
[Date "2014.06.07"]
[Round "2"]
[White "Borsten, Chris"]
[Black "De Wit, Gerrit"]
[Result "1-0"]
[WhiteElo "1522"]
[BlackElo "1702"]
[PlyCount "63"]
[EventDate "2014.06.06"]
[EventType "swiss"]
[EventRounds "5"]
[EventCountry "NED"]
[Source "P.Boonen"]
[SourceDate "2014.10.10"]

1. e4 Nf6 2. e5 Nd5 3. Nc3 Nb6 4. d4 e6 5. Nf3 c5 6. d5 exd5 7. Nxd5 Nxd5 8.
Qxd5 Be7 9. Be3 Qc7 10. Bc4 O-O 11. Bg5 Nc6 12. Bxe7 Nxe7 13. Qd6 Qxd6 14. exd6
Nc6 15. O-O-O a6 16. c3 Nd8 17. Rd5 Ne6 18. Re5 h6 19. Bxe6 dxe6 20. Rxc5 Rd8
21. Rd1 Bd7 22. Ne5 f6 23. Nxd7 Rxd7 24. Rc7 Rad8 25. Rxd7 Rxd7 26. c4 b6 27.
b4 Kf7 28. c5 bxc5 29. bxc5 e5 30. c6 Rd8 31. d7 Ke7 32. c7 1-0

[Event "BPB Limburg open veteranen"]
[Site "Maastricht"]
[Date "2014.06.07"]
[Round "2"]
[White "Debusschere, Helmut"]
[Black "Schmitz, Martin"]
[Result "1-0"]
[WhiteElo "1769"]
[BlackElo "1927"]
[PlyCount "91"]
[EventDate "2014.06.06"]
[EventType "swiss"]
[EventRounds "5"]
[EventCountry "NED"]
[Source "P.Boonen"]
[SourceDate "2014.10.10"]

1. e4 c5 2. Nf3 d6 3. d4 cxd4 4. c3 dxc3 5. Nxc3 g6 6. Bc4 Nc6 7. O-O Bg7 8.
Qe2 Nf6 9. h3 O-O 10. Bg5 Na5 11. Bd3 Be6 12. Rac1 Nd7 13. Rfd1 f6 14. Be3 Nc6
15. Bc4 Bxc4 16. Qxc4+ Kh8 17. a3 Nb6 18. Qb3 Na5 19. Qa2 Rc8 20. Nd4 Qd7 21.
Ne6 Rfe8 22. Nxg7 Kxg7 23. Bxb6 axb6 24. Nd5 Qe6 25. f3 b5 26. b3 Nc6 27. Qe2
Nd4 28. Qb2 Rxc1 29. Rxc1 Qe5 30. Qf2 Nxb3 31. Rc7 Nc5 32. Kh1 Kf8 33. Qe2 e6
34. Nb6 Re7 35. Rxe7 Kxe7 36. Qxb5 Qa1+ 37. Kh2 Qe5+ 38. Kh1 f5 39. exf5 gxf5
40. a4 f4 41. Nc8+ Kd8 42. Na7 Qa1+ 43. Kh2 Qxa4 44. Qb6+ Kd7 45. Nb5 Qa6 46.
Qc7+ 1-0